Matrice - Statistiques

Statistiques générales
  • Ce quiz a été pris 85 fois
  • Le résultat moyen est 5 sur 10
Statistiques - réponses
Hint Réponse % Correct
LS1.1 Création / modification des accès
100%
LS1.2 Désactivation des accès
60%
LS6 Mots de passe
60%
LS3 Revue des accès
60%
LS4 Accès à droits étendus
40%
LS5 Accès aux bases de données
40%
CM1 Demande de changement
40%
CM3 GO MEP
40%
CM4 SOD
40%
CM2 Test
40%
Aucun quiz correspondant
Distribution des résultats
% des personnes avec chaque résultat
Percentile par nombre de réponses
Votre historique - résultats
Vous n’avez pas pris ce quiz